| 000 | 00793 a2200193 4500 | ||
|---|---|---|---|
| 999 |
_c2450 _d2450 |
||
| 020 | _a9780205266920 | ||
| 050 | 0 | 0 | _aLB 1047.3 BRA 1998 |
| 100 | 1 |
_aBranscomb, H. Eric _eAuthor |
|
| 245 | 1 | 0 |
_aCasting your net : _ba student's guide to research on the Internet / _cH. Eric Branscomb |
| 264 |
_aUnited States of Amaerica: _bAllyn & Bacon, _c1998 |
||
| 300 |
_axiii, 175p. : _bill. |
||
| 500 | _aIncludes bibliographical references and index. | ||
| 504 | _aIncludes bibliographical references and index. | ||
| 650 | 0 |
_aReport writing _xComputer network resources. |
|
| 650 | 0 |
_aResearch _xComputer network resources. |
|
| 650 | 0 | _aInternet in education. | |
| 942 |
_2lcc _cBK _h1047.3 _iBRA _kLB |
||